| 000 | 00524nam a2200205Ia 4500 | ||
|---|---|---|---|
| 003 | OSt | ||
| 005 | 20230606205044.0 | ||
| 008 | 210423s2011 xx 000 0 und d | ||
| 040 | _cAL | ||
| 041 | _aeng | ||
| 082 |
_a153.8 _223 _bSHAC |
||
| 100 |
_aSHARMA (M K) _9120649 |
||
| 245 | _aCounseling modalities | ||
| 260 |
_aNew Delhi _bIsha Books _c2011 |
||
| 365 |
_b795 _cINR |
||
| 650 |
_aMental Process & Intelligence _9120650 |
||
| 650 |
_aPsychology _9120651 |
||
| 906 | _aCounseling ; modalities | ||
| 942 |
_2ddc _cBK |
||
| 999 |
_c175965 _d175965 |
||